[Event "Iran Women Ch.2016"]
[Site "Tehran"]
[Date "2016.01.17"]
[Round "2.10"]
[White "Davoodi, Yasaman"]
[Black "Alavi, Homa"]
[Result "0-1"]
[BlackElo "1935"]
[WhiteElo "1844"]
[LiveChessVersion "1.4.7"]

1. Nf3 Nf6 2. d4 e6 3. g3 d5 4. Bg2 Be7 5. O-O O-O 6. c4 dxc4 7. Ne5 Nc6 8. Nxc6
bxc6 9. Bxc6 Rb8 10. Qa4 Qxd4 11. Nc3 Rb4 12. Rd1 Qb6 13. Be3 Bc5 14. Bxc5 Qxc5
15. Qa3 Ng4 16. e3 Qh5 17. h4 a5 18. Ne4 Ne5 19. Ba4 Bb7 20. Bc2 Qf3 21. Rd4 c5
22. Bd1 Qf5 23. Nxc5 Nc6 24. Nxb7 Nxd4 25. Nxa5 Qb5 26. exd4 Ra8 27. Qc3 Rxa5 28.
Be2 Rxb2 29. Bxc4 Qb4 30. Rc1 Qxc3 31. Rxc3 Kf8 32. Bb3 g5 33. Rc8+ Ke7 34. hxg5
Rxg5 35. Rh8 Rf5 36. Rxh7 Rfxf2 37. d5 Rfd2 38. d6+ Kf6 39. Bc4 Rb1+ 40. Bf1 Rdd1
41. Rh6+ Kg7 42. d7 0-1

[Event "Iran Women Ch.2016"]
[Site "Tehran"]
[Date "2016.01.17"]
[Round "2.11"]
[White "Jafari, Golnaz"]
[Black "Azali, Tannaz"]
[Result "1-0"]
[BlackElo "1818"]
[WhiteElo "1909"]
[LiveChessVersion "1.4.7"]

1. e4 c5 2. Nf3 e6 3. d4 cxd4 4. Nxd4 a6 5. Bd3 b5 6. O-O Bb7 7. Nc3 Qc7 8. Qe2
d6 9. f4 Nd7 {[%clk 1:25:48]} 10. Bd2 {[%clk 1:10:33]} Ngf6 {[%clk 1:20:30]} 11.
Rae1 {[%clk 1:07:28]} Qc5 {[%clk 1:10:06]} 12. Be3 {[%clk 1:05:08]} Qc7
{[%clk 1:08:41]} 13. Bf2 {[%clk 0:55:30]} b4 {[%clk 1:05:30]} 14. Nd1
{[%clk 0:45:01]} Be7 {[%clk 1:02:57]} 15. e5 {[%clk 0:44:02]} dxe5
{[%clk 0:59:45]} 16. fxe5 {[%clk 0:44:26]} Nd5 {[%clk 0:59:49]} 17. g3
{[%clk 0:28:50]} h5 {[%clk 0:50:05]} 18. h3 {[%clk 0:23:15]} h4 {[%clk 0:46:55]}
19. Kh2 {[%clk 0:23:36]} g5 {[%clk 0:37:10]} 20. c4 {[%clk 0:15:10]} bxc3
{[%clk 0:36:14]} 21. Nxc3 {[%clk 0:15:11]} Nxc3 {[%clk 0:35:54]} 22. bxc3
{[%clk 0:15:32]} Nc5 {[%clk 0:27:35]} 23. Bc2 {[%clk 0:15:25]} O-O-O
{[%clk 0:26:19]} 24. Rb1 {[%clk 0:14:47]} hxg3+ {[%clk 0:23:05]} 25. Bxg3
{[%clk 0:15:16]} g4 {[%clk 0:22:15]} 26. Qxg4 {[%clk 0:14:17]} Rdg8
{[%clk 0:22:11]} 27. Qf4 {[%clk 0:13:01]} Qd8 {[%clk 0:15:57]} 28. Nf3
{[%clk 0:11:42]} Rg7 {[%clk 0:13:42]} 29. Rg1 {[%clk 0:08:03]} Qd5
{[%clk 0:13:19]} 30. Rbf1 {[%clk 0:06:23]} Qxa2 {[%clk 0:10:04]} 31. Rf2
{[%clk 0:06:41]} Qd5 {[%clk 0:10:05]} 32. c4 {[%clk 0:06:50]} Qd8
{[%clk 0:09:42]} 33. Rff1 {[%clk 0:05:23]} Rh5 {[%clk 0:05:19]} 34. Qd4
{[%clk 0:04:57]} Qh8 {[%clk 0:04:32]} 35. h4 {[%clk 0:04:17]} Nd7
{[%clk 0:04:12]} 36. Be4 {[%clk 0:04:18]} Nc5 {[%clk 0:03:27]} 37. Bxb7+
{[%clk 0:04:39]} Nxb7 {[%clk 0:03:56]} 38. Qe4 {[%clk 0:03:47]} Qd8
{[%clk 0:03:16]} 39. Qc6+ {[%clk 0:04:05]} Qc7 {[%clk 0:03:34]} 40. Qxa6
{[%clk 0:04:20]} Bc5 {[%clk 0:03:28]} 41. Rg2 {[%clk 0:03:50]} Qb6
{[%clk 0:03:01]} 42. Qa4 {[%clk 0:03:32]} Kc7 {[%clk 0:02:50]} 43. Rd2
{[%clk 0:02:17]} Qc6 {[%clk 0:02:49]} 44. Qd1 {[%clk 0:02:35]} Rh8
{[%clk 0:02:49]} 45. Nd4 {[%clk 0:02:20]} Bxd4 {[%clk 0:02:35]} 46. Rxd4
{[%clk 0:02:49]} Nc5 {[%clk 0:02:03]} 47. Qe1 {[%clk 0:02:36]} Nb3
{[%clk 0:02:02]} 48. Rdf4 {[%clk 0:02:40]} Qd7 {[%clk 0:01:56]} 49. Qf2
{[%clk 0:02:06]} Rf8 {[%clk 0:01:43]} 50. Qa7+ {[%clk 0:02:18]} Kd8
{[%clk 0:02:07]} 51. Qb8+ {[%clk 0:02:37]} Ke7 {[%clk 0:02:27]} 52. Qb4+
{[%clk 0:02:39]} Ke8 {[%clk 0:02:36]} 53. Qxb3 {[%clk 0:03:05]} Rfg8
{[%clk 0:02:41]} 54. R4f3 {[%clk 0:03:01]} Qd2+ {[%clk 0:02:31]} 55. R1f2
{[%clk 0:03:19]} Qd4 {[%clk 0:02:15]} 56. Qb8+ {[%clk 0:03:24]} Ke7
{[%clk 0:02:42]} 57. Qd6+ {[%clk 0:03:42]} Qxd6 {[%clk 0:02:59]} 58. exd6+
{[%clk 0:04:11]} Kd7 {[%clk 0:03:28]} 59. Rxf7+ {[%clk 0:04:23]} 1-0

[Event "Iran Women Ch.2016"]
[Site "Tehran"]
[Date "2016.01.17"]
[Round "2.12"]
[White "Hamedi Nia, Vesal"]
[Black "Asgharzadeh, Mitra"]
[Result "0-1"]
[BlackElo "1907"]
[WhiteElo "1833"]
[LiveChessVersion "1.4.7"]

1. d4 d5 2. c4 e6 3. Nc3 Nf6 4. Bg5 Be7 5. Nf3 h6 6. Bh4 O-O 7. e3 b6 8. Be2 Nbd7
9. O-O Bb7 10. Rc1 c5 11. cxd5 exd5 12. dxc5 bxc5 13. Qc2 Rc8 14. Rfd1 Qb6 15.
Bb5 Rfd8 16. Bxd7 Rxd7 17. Qf5 Qe6 18. Qxe6 fxe6 19. Ne5 Rdd8 20. h3 Bd6 21. Ng4
Be7 22. Ne5 Kh7 23. b3 Ba6 24. f3 Rc7 25. Bg3 Bd6 26. Kf2 Rdc8 27. Ne2 Bxe2 28.
Kxe2 Nd7 29. f4 Nxe5 30. fxe5 Be7 31. Rd2 c4 32. bxc4 Rxc4 33. Rxc4 Rxc4 34. Rb2
Bc5 35. h4 Bb6 36. Bf4 g5 37. hxg5 hxg5 38. Bg3 Kg6 39. Kd3 Re4 40. Re2 Bc7 41.
Rc2 Bb6 42. Re2 Ra4 43. Rb2 Ra3+ 44. Kd2 Bxe3+ 45. Kd1 Bd4 46. Rd2 Bb6 47. Bh2
Kf5 48. Re2 g4 49. g3 Re3 50. Rf2+ Kxe5 51. Rf7 Ra3 52. Rg7 Rxa2 0-1

[Event "Iran Women Ch.2016"]
[Site "Tehran"]
[Date "2016.01.17"]
[Round "3.1"]
[White "Pourkashiyan, Atousa"]
[Black "Khademalsharieh, Sarasadat"]
[Result "0-1"]
[BlackElo "2392"]
[WhiteElo "2338"]
[LiveChessVersion "1.4.7"]

1. e4 {[%clk 1:27:53]} e5 {[%clk 1:30:44]} 2. Nf3 {[%clk 1:28:16]} Nc6
{[%clk 1:31:09]} 3. Bb5 {[%clk 1:28:41]} g6 {[%clk 1:31:24]} 4. d4
{[%clk 1:28:45]} exd4 {[%clk 1:31:47]} 5. Bg5 {[%clk 1:28:50]} Be7
{[%clk 1:32:05]} 6. Bxe7 {[%clk 1:28:42]} Qxe7 {[%clk 1:32:28]} 7. Bxc6
{[%clk 1:28:01]} dxc6 {[%clk 1:32:50]} 8. Qxd4 {[%clk 1:28:02]} Nf6
{[%clk 1:33:12]} 9. Nc3 {[%clk 1:27:26]} Bg4 {[%clk 1:33:04]} 10. O-O-O
{[%clk 1:24:37]} Bxf3 {[%clk 1:30:28]} 11. gxf3 {[%clk 1:24:59]} O-O
{[%clk 1:28:46]} 12. f4 {[%clk 1:18:34]} Rfe8 {[%clk 1:23:12]} 13. f3
{[%clk 1:12:57]} a5 {[%clk 1:17:58]} 14. Rhg1 {[%clk 1:01:03]} Rad8
{[%clk 1:12:47]} 15. Qf2 {[%clk 0:56:38]} Nh5 {[%clk 0:59:45]} 16. f5
{[%clk 0:40:08]} b5 {[%clk 0:59:17]} 17. fxg6 {[%clk 0:37:13]} hxg6
{[%clk 0:59:41]} 18. Ne2 {[%clk 0:32:06]} a4 {[%clk 0:56:28]} 19. Qe3
{[%clk 0:27:57]} Rxd1+ {[%clk 0:48:38]} 20. Rxd1 {[%clk 0:28:14]} Qe5
{[%clk 0:46:36]} 21. Nd4 {[%clk 0:26:01]} Rd8 {[%clk 0:43:29]} 22. h4
{[%clk 0:19:39]} Ng3 {[%clk 0:22:41]} 23. c3 {[%clk 0:14:53]} a3 {[%clk 0:18:04]}
24. f4 {[%clk 0:08:34]} Qxe4 {[%clk 0:09:36]} 25. Qxg3 {[%clk 0:07:37]} c5
{[%clk 0:10:02]} 26. Re1 {[%clk 0:06:39]} Qd5 {[%clk 0:10:28]} 27. Nb3
{[%clk 0:06:36]} c4 {[%clk 0:10:50]} 28. Nd4 {[%clk 0:06:56]} c5 {[%clk 0:08:46]}
29. Nf3 {[%clk 0:06:38]} b4 {[%clk 0:06:24]} 30. Qf2 {[%clk 0:05:04]} axb2+
{[%clk 0:04:04]} 31. Kxb2 {[%clk 0:05:21]} bxc3+ {[%clk 0:04:24]} 32. Kc1
{[%clk 0:04:12]} Qa8 {[%clk 0:04:04]} 33. Qxc5 {[%clk 0:01:38]} Qxf3
{[%clk 0:01:37]} 34. Qxc4 {[%clk 0:02:07]} Qg3 {[%clk 0:01:19]} 35. Qe4
{[%clk 0:00:49]} c2 {[%clk 0:00:40]} 36. Re3 {[%clk 0:00:40]} Qg1+
{[%clk 0:00:52]} 37. Kxc2 {[%clk 0:01:05]} Qd1+ {[%clk 0:01:10]} 38. Kb2
{[%clk 0:01:07]} Qd2+ {[%clk 0:01:20]} 39. Kb1 {[%clk 0:01:21]} Qd1+
{[%clk 0:01:04]} 40. Kb2 {[%clk 0:01:50]} Rd2+ {[%clk 0:01:16]} 41. Kc3
{[%clk 0:01:08]} Qc1+ {[%clk 0:01:36]} 42. Kb4 {[%clk 0:01:23]} Rb2+
{[%clk 0:00:39]} 43. Rb3 {[%clk 0:00:50]} Qd2+ {[%clk 0:01:04]} 44. Kc4
{[%clk 0:00:35]} Rc2+ {[%clk 0:01:15]} 45. Kb5 {[%clk 0:01:02]} Qd7+
{[%clk 0:01:33]} 46. Ka6 {[%clk 0:00:37]} Rxa2+ {[%clk 0:01:14]} 47. Kb6
{[%clk 0:01:05]} Qa7+ {[%clk 0:01:33]} 48. Kc6 {[%clk 0:00:32]} Ra6+
{[%clk 0:01:50]} 49. Kb5 {[%clk 0:00:33]} Qb6+ {[%clk 0:02:11]} 50. Kc4
{[%clk 0:00:59]} Ra4+ {[%clk 0:02:38]} 51. Kc3 {[%clk 0:00:39]} Qxb3+
{[%clk 0:03:03]} 0-1

[Event "Iran Women Ch.2016"]
[Site "Tehran"]
[Date "2016.01.17"]
[Round "3.2"]
[White "Hejazipour, Mitra"]
[Black "Asgarizadeh, Minoo"]
[Result "1/2-1/2"]
[BlackElo "2167"]
[WhiteElo "2357"]
[LiveChessVersion "1.4.7"]

1. c4 {[%clk 1:26:10]} e5 {[%clk 1:30:22]} 2. Nc3 {[%clk 1:26:29]} Nf6
{[%clk 1:30:38]} 3. g3 {[%clk 1:26:28]} c6 {[%clk 1:24:25]} 4. d4
{[%clk 1:11:11]} exd4 {[%clk 1:24:38]} 5. Qxd4 {[%clk 1:11:39]} d5
{[%clk 1:25:01]} 6. Nf3 {[%clk 0:45:36]} Be7 {[%clk 1:17:03]} 7. cxd5
{[%clk 0:45:12]} cxd5 {[%clk 1:17:23]} 8. Bg2 {[%clk 0:40:27]} Nc6
{[%clk 1:17:31]} 9. Qa4 {[%clk 0:40:43]} O-O {[%clk 1:14:58]} 10. O-O
{[%clk 0:40:34]} Bc5 {[%clk 0:52:55]} 11. Bg5 {[%clk 0:34:13]} h6
{[%clk 0:51:53]} 12. Bxf6 {[%clk 0:33:22]} Qxf6 {[%clk 0:52:03]} 13. Rfd1
{[%clk 0:21:15]} Be6 {[%clk 0:43:36]} 14. Qb5 {[%clk 0:20:48]} Bb6
{[%clk 0:43:02]} 15. Nxd5 {[%clk 0:20:35]} Bxd5 {[%clk 0:43:25]} 16. Rxd5
{[%clk 0:20:42]} Rad8 {[%clk 0:40:49]} 17. Rad1 {[%clk 0:19:35]} Rxd5
{[%clk 0:33:53]} 18. Rxd5 {[%clk 0:19:59]} Rd8 {[%clk 0:33:32]} 19. Rd3
{[%clk 0:13:53]} Rxd3 {[%clk 0:31:06]} 20. exd3 {[%clk 0:14:21]} Qe6
{[%clk 0:30:49]} 21. Bf1 {[%clk 0:10:18]} Qf6 {[%clk 0:26:48]} 22. Be2
{[%clk 0:01:38]} Qe6 {[%clk 0:25:46]} 23. Bd1 {[%clk 0:01:50]} Nd4
{[%clk 0:24:53]} 24. Qb4 {[%clk 0:02:11]} Nxf3+ {[%clk 0:18:58]} 25. Bxf3
{[%clk 0:02:40]} Qxa2 {[%clk 0:19:25]} 26. Kg2 {[%clk 0:01:18]} Qe6
{[%clk 0:18:49]} 27. Bxb7 {[%clk 0:00:54]} 1/2-1/2

[Event "Iran Women Ch.2016"]
[Site "Tehran"]
[Date "2016.01.17"]
[Round "3.3"]
[White "Mahdian, Anousha"]
[Black "Hashemi, Seyede Fatemeh"]
[Result "1/2-1/2"]
[BlackElo "1812"]
[WhiteElo "1811"]
[LiveChessVersion "1.4.7"]

1. e4 {[%clk 1:30:56]} c6 2. d4 {[%clk 1:31:20]} d5 {[%clk 1:29:54]} 3. e5
{[%clk 1:31:45]} c5 {[%clk 1:29:15]} 4. dxc5 {[%clk 1:32:09]} Nc6
{[%clk 1:25:39]} 5. a3 {[%clk 1:32:12]} e6 {[%clk 1:24:33]} 6. b4
{[%clk 1:32:26]} Nxe5 {[%clk 1:17:45]} 7. Bb2 {[%clk 1:32:50]} Nc6
{[%clk 1:08:34]} 8. Nf3 {[%clk 1:30:49]} Nf6 {[%clk 1:07:11]} 9. Nd4
{[%clk 1:20:49]} Nxd4 {[%clk 1:04:23]} 10. Qxd4 {[%clk 1:21:07]} Bd7
{[%clk 1:02:55]} 11. Bd3 {[%clk 1:19:54]} b6 {[%clk 0:48:42]} 12. cxb6
{[%clk 1:19:05]} Qxb6 {[%clk 0:48:19]} 13. Qxb6 {[%clk 1:18:39]} axb6
{[%clk 0:48:41]} 14. c4 {[%clk 1:17:34]} Bd6 {[%clk 0:43:02]} 15. O-O
{[%clk 1:12:30]} dxc4 {[%clk 0:39:02]} 16. Bxc4 {[%clk 1:12:48]} Ke7
{[%clk 0:38:33]} 17. Nd2 {[%clk 1:09:43]} Bf4 {[%clk 0:31:20]} 18. Nf3
{[%clk 1:02:42]} Rac8 {[%clk 0:28:22]} 19. Bd3 {[%clk 1:01:36]} Rhd8
{[%clk 0:26:20]} 20. b5 {[%clk 0:44:17]} Bc6 {[%clk 0:18:54]} 21. Nd4
{[%clk 0:27:47]} Bb7 {[%clk 0:12:55]} 22. Rfd1 {[%clk 0:26:08]} Kf8
{[%clk 0:10:10]} 23. Ne2 {[%clk 0:20:01]} Bd6 {[%clk 0:08:43]} 24. Rac1
{[%clk 0:13:14]} Bc5 {[%clk 0:07:53]} 25. h3 {[%clk 0:11:42]} Bd5
{[%clk 0:07:24]} 26. Bb1 {[%clk 0:04:47]} Bb3 {[%clk 0:05:11]} 27. Re1
{[%clk 0:04:40]} Bd5 {[%clk 0:03:35]} 28. Red1 {[%clk 0:04:59]} Bb3
{[%clk 0:03:09]} 29. Re1 {[%clk 0:05:24]} Bd5 {[%clk 0:02:08]} 1/2-1/2

[Event "Iran Women Ch.2016"]
[Site "Tehran"]
[Date "2016.01.17"]
[Round "3.4"]
[White "Hakimifard, Ghazal"]
[Black "Alinasab, Mobina"]
[Result "0-1"]
[BlackElo "2112"]
[WhiteElo "2181"]
[LiveChessVersion "1.4.7"]

1. Nf3 {[%clk 1:30:56]} Nf6 {[%clk 1:30:28]} 2. c4 {[%clk 1:31:21]} e6
{[%clk 1:30:08]} 3. d4 {[%clk 1:31:46]} Bb4+ {[%clk 1:30:04]} 4. Bd2
{[%clk 1:32:11]} a5 {[%clk 1:30:30]} 5. g3 {[%clk 1:32:27]} b6 {[%clk 1:30:48]}
6. Bg2 {[%clk 1:32:51]} Bb7 {[%clk 1:31:16]} 7. O-O {[%clk 1:33:06]} O-O
{[%clk 1:31:32]} 8. Bf4 {[%clk 1:32:34]} Be7 {[%clk 1:29:16]} 9. Nc3
{[%clk 1:31:50]} Ne4 {[%clk 1:24:25]} 10. Qc2 {[%clk 1:15:58]} Nxc3
{[%clk 1:24:39]} 11. Qxc3 {[%clk 1:16:18]} d6 {[%clk 1:23:06]} 12. Qc2
{[%clk 1:10:59]} f5 {[%clk 1:22:00]} 13. d5 {[%clk 1:03:53]} e5 {[%clk 1:18:12]}
14. Bd2 {[%clk 1:03:16]} Na6 {[%clk 1:14:25]} 15. a3 {[%clk 0:55:20]} Nc5
{[%clk 1:07:18]} 16. b4 {[%clk 0:54:52]} Ne4 {[%clk 1:06:17]} 17. Be3
{[%clk 0:54:56]} Qe8 {[%clk 0:55:38]} 18. Nd2 {[%clk 0:45:42]} Nxd2
{[%clk 0:48:58]} 19. Bxd2 {[%clk 0:46:04]} axb4 {[%clk 0:48:50]} 20. axb4
{[%clk 0:46:26]} Qd7 {[%clk 0:38:38]} 21. Bh3 {[%clk 0:42:46]} g5
{[%clk 0:35:19]} 22. Rxa8 {[%clk 0:37:40]} Bxa8 {[%clk 0:35:48]} 23. Ra1
{[%clk 0:36:11]} g4 {[%clk 0:36:00]} 24. Bg2 {[%clk 0:36:37]} e4 {[%clk 0:29:24]}
25. Ra7 {[%clk 0:34:48]} Bf6 {[%clk 0:23:45]} 26. Qa2 {[%clk 0:33:41]} Qd8
{[%clk 0:20:49]} 27. Bh6 {[%clk 0:25:45]} Bg7 {[%clk 0:18:45]} 28. Bxg7
{[%clk 0:25:40]} Kxg7 {[%clk 0:19:14]} 29. e3 {[%clk 0:25:30]} Kg6
{[%clk 0:17:40]} 30. Bf1 {[%clk 0:25:18]} h5 {[%clk 0:16:58]} 31. Be2
{[%clk 0:21:31]} h4 {[%clk 0:14:55]} 32. Bd1 {[%clk 0:21:12]} h3 {[%clk 0:11:04]}
33. Bb3 {[%clk 0:19:06]} Qb8 {[%clk 0:09:42]} 34. Qa6 {[%clk 0:17:53]} Qd8
{[%clk 0:07:59]} 35. Ba4 {[%clk 0:11:26]} Qf6 {[%clk 0:07:13]} 36. Bb5
{[%clk 0:11:51]} Qc3 {[%clk 0:02:41]} 37. c5 {[%clk 0:08:54]} Bxd5
{[%clk 0:02:49]} 38. cxb6 {[%clk 0:07:56]} cxb6 {[%clk 0:03:18]} 39. Rd7
{[%clk 0:02:29]} Ra8 {[%clk 0:02:12]} 40. Rxd6+ {[%clk 0:02:43]} Kg5
{[%clk 0:01:48]} 41. Be8 {[%clk 0:01:24]} Qa1+ {[%clk 0:02:00]} 42. Qf1
{[%clk 0:01:52]} Qxf1+ {[%clk 0:02:20]} 43. Kxf1 {[%clk 0:02:21]} Bc4+ 44. Ke1
Rxe8 {[%clk 0:02:56]} 45. Rxb6 {[%clk 0:03:20]} Ra8 {[%clk 0:03:17]} 46. Kd2
{[%clk 0:03:30]} Ra6 {[%clk 0:01:45]} 47. Rxa6 {[%clk 0:02:21]} Bxa6
{[%clk 0:02:14]} 48. Kc3 {[%clk 0:02:49]} Kf6 {[%clk 0:02:36]} 49. Kd4
{[%clk 0:03:16]} Ke6 {[%clk 0:02:58]} 50. Kc5 {[%clk 0:03:29]} Ke5
{[%clk 0:01:05]} 51. Kc6 {[%clk 0:03:08]} Bc4 {[%clk 0:00:50]} 52. Kc5
{[%clk 0:01:47]} Bd5 {[%clk 0:00:47]} 53. b5 {[%clk 0:01:48]} Ba8
{[%clk 0:00:43]} 54. Kc4 {[%clk 0:00:43]} Kd6 {[%clk 0:00:57]} 55. Kd4
{[%clk 0:00:45]} Bd5 {[%clk 0:01:20]} 56. Kc3 {[%clk 0:00:36]} Kc5
{[%clk 0:01:41]} 57. Kd2 {[%clk 0:00:47]} Kxb5 {[%clk 0:02:00]} 58. Kc3
{[%clk 0:01:04]} Kc5 {[%clk 0:02:25]} 59. Kd2 {[%clk 0:01:16]} Kb4
{[%clk 0:02:53]} 60. Kc2 {[%clk 0:01:14]} Kc4 {[%clk 0:03:21]} 61. Kd2
{[%clk 0:01:08]} Kb3 {[%clk 0:03:36]} 62. Ke1 {[%clk 0:01:17]} Kc2
{[%clk 0:04:03]} 63. Ke2 {[%clk 0:01:05]} Bc4+ {[%clk 0:04:32]} 64. Ke1
{[%clk 0:01:23]} Kc1 {[%clk 0:04:49]} 65. f4 {[%clk 0:01:49]} exf3
{[%clk 0:05:11]} 0-1

[Event "Iran Women Ch.2016"]
[Site "Tehran"]
[Date "2016.01.17"]
[Round "3.5"]
[White "Alavi, Homa"]
[Black "Hakimifard, Raana"]
[Result "1-0"]
[BlackElo "2073"]
[WhiteElo "1935"]
[LiveChessVersion "1.4.7"]

1. d4 {[%clk 1:30:48]} Nf6 2. Nf3 {[%clk 1:30:48]} e6 {[%clk 1:31:19]} 3. e3
{[%clk 1:31:04]} b6 {[%clk 1:27:48]} 4. Bd3 {[%clk 1:31:04]} Bb7 {[%clk 1:27:50]}
5. Nbd2 {[%clk 1:30:15]} d5 {[%clk 1:24:34]} 6. b3 {[%clk 1:30:09]} c5
{[%clk 1:23:07]} 7. Bb2 {[%clk 1:24:57]} Nc6 {[%clk 1:19:50]} 8. O-O
{[%clk 1:24:16]} Be7 {[%clk 1:19:03]} 9. c4 {[%clk 1:20:42]} O-O {[%clk 1:17:53]}
10. Rc1 {[%clk 1:19:58]} Nd7 {[%clk 1:13:55]} 11. Qe2 {[%clk 1:11:14]} Bf6
{[%clk 1:10:29]} 12. Rfd1 {[%clk 1:09:13]} Re8 {[%clk 1:08:32]} 13. Nf1
{[%clk 1:06:42]} Rc8 {[%clk 1:02:36]} 14. Ng3 {[%clk 1:02:15]} cxd4
{[%clk 0:54:23]} 15. exd4 {[%clk 1:01:04]} e5 {[%clk 0:52:29]} 16. Bb1
{[%clk 0:43:37]} Nxd4 {[%clk 0:44:25]} 17. Nxd4 {[%clk 0:41:28]} exd4
{[%clk 0:44:51]} 18. Qd3 {[%clk 0:40:26]} g6 {[%clk 0:44:34]} 19. Bxd4
{[%clk 0:39:49]} dxc4 {[%clk 0:38:27]} 20. Rxc4 {[%clk 0:30:29]} Ne5
{[%clk 0:34:22]} 21. Rxc8 {[%clk 0:28:51]} Qxc8 {[%clk 0:34:43]} 22. Qc2
{[%clk 0:26:51]} Qg4 {[%clk 0:27:50]} 23. Bxe5 {[%clk 0:21:49]} Bxe5
{[%clk 0:27:55]} 24. Re1 {[%clk 0:21:34]} Rc8 {[%clk 0:25:02]} 25. Qd1
{[%clk 0:21:20]} Qf4 {[%clk 0:20:17]} 26. Bd3 {[%clk 0:18:33]} Bd4
{[%clk 0:13:39]} 27. Qe2 {[%clk 0:18:09]} Rc1 {[%clk 0:13:38]} 28. Rxc1
{[%clk 0:14:26]} Qxc1+ {[%clk 0:14:03]} 29. Qf1 {[%clk 0:13:55]} Qd2
{[%clk 0:13:21]} 30. Qe2 {[%clk 0:13:32]} Qc1+ {[%clk 0:12:26]} 31. Qf1
{[%clk 0:14:01]} Qd2 {[%clk 0:10:52]} 32. Qe2 {[%clk 0:14:25]} Qf4
{[%clk 0:10:34]} 33. Bc4 {[%clk 0:14:34]} h5 {[%clk 0:09:50]} 34. Qf1
{[%clk 0:13:26]} Be5 {[%clk 0:09:43]} 35. Qd3 {[%clk 0:13:44]} Bc6
{[%clk 0:05:56]} 36. Qxg6+ {[%clk 0:13:45]} Kf8 {[%clk 0:05:12]} 37. Qxc6
{[%clk 0:14:12]} Bd4 {[%clk 0:05:07]} 38. Qf3 {[%clk 0:13:27]} 1-0

[Event "Iran Women Ch.2016"]
[Site "Tehran"]
[Date "2016.01.17"]
[Round "3.6"]
[White "Zahedifar, Anahita"]
[Black "Jafari, Golnaz"]
[Result "1-0"]
[BlackElo "1909"]
[WhiteElo "1982"]
[LiveChessVersion "1.4.7"]

1. d4 {[%clk 1:30:54]} Nf6 {[%clk 1:30:54]} 2. c4 {[%clk 1:31:18]} g6
{[%clk 1:31:21]} 3. Nc3 {[%clk 1:31:42]} Bg7 {[%clk 1:31:43]} 4. e4
{[%clk 1:32:03]} d6 {[%clk 1:32:09]} 5. f3 {[%clk 1:32:28]} O-O {[%clk 1:32:35]}
6. Be3 {[%clk 1:32:55]} e5 {[%clk 1:32:56]} 7. Nge2 {[%clk 1:33:18]} c6
{[%clk 1:33:07]} 8. Qd2 {[%clk 1:32:37]} Nbd7 {[%clk 1:33:18]} 9. d5
{[%clk 1:27:29]} cxd5 {[%clk 1:20:03]} 10. cxd5 {[%clk 1:27:50]} a6
{[%clk 1:18:21]} 11. g4 {[%clk 1:17:46]} Ne8 {[%clk 1:08:27]} 12. Ng3
{[%clk 1:14:34]} b5 {[%clk 0:59:16]} 13. h4 {[%clk 1:06:49]} Bf6 {[%clk 0:56:27]}
14. Qh2 {[%clk 0:59:08]} Nc7 {[%clk 0:47:13]} 15. h5 {[%clk 0:36:54]} g5
{[%clk 0:46:35]} 16. Nf5 {[%clk 0:35:22]} Nb8 {[%clk 0:41:12]} 17. Rc1
{[%clk 0:27:37]} Bxf5 {[%clk 0:41:07]} 18. gxf5 {[%clk 0:27:13]} h6
{[%clk 0:39:59]} 19. Bb6 {[%clk 0:25:58]} Qd7 {[%clk 0:29:30]} 20. Nd1
{[%clk 0:20:36]} Ne8 {[%clk 0:27:19]} 21. Qc2 {[%clk 0:18:53]} Bd8
{[%clk 0:26:59]} 22. Be3 {[%clk 0:17:04]} Ba5+ {[%clk 0:25:32]} 23. Kf2
{[%clk 0:14:52]} Nf6 {[%clk 0:25:19]} 24. Kg2 {[%clk 0:11:08]} Qe7
{[%clk 0:24:35]} 25. Nf2 {[%clk 0:10:28]} Nbd7 {[%clk 0:24:10]} 26. Be2
{[%clk 0:08:54]} Rfc8 {[%clk 0:20:34]} 27. Qb1 {[%clk 0:06:59]} Bb6
{[%clk 0:20:08]} 28. Bxb6 {[%clk 0:04:59]} Nxb6 {[%clk 0:20:32]} 29. Ng4
{[%clk 0:04:03]} Nxg4 {[%clk 0:20:34]} 30. fxg4 {[%clk 0:04:28]} Rc5
{[%clk 0:15:58]} 31. b4 {[%clk 0:04:00]} Rcc8 {[%clk 0:15:15]} 32. Qb3
{[%clk 0:02:01]} Qd7 {[%clk 0:14:51]} 33. Qe3 {[%clk 0:01:41]} Nc4
{[%clk 0:13:45]} 34. Bxc4 {[%clk 0:01:08]} Rxc4 {[%clk 0:13:56]} 35. Rxc4
{[%clk 0:01:27]} bxc4 {[%clk 0:14:25]} 36. Rc1 {[%clk 0:01:10]} Rc8
{[%clk 0:13:53]} 37. Rc3 {[%clk 0:01:10]} Qb5 {[%clk 0:12:38]} 38. a3
{[%clk 0:01:26]} a5 {[%clk 0:12:26]} 39. bxa5 {[%clk 0:01:25]} Qxa5
{[%clk 0:12:47]} 40. Qc1 {[%clk 0:00:52]} Qa4 {[%clk 0:12:58]} 41. Qb1
{[%clk 0:00:41]} Qa5 {[%clk 0:12:19]} 42. Qb4 {[%clk 0:00:34]} Qxb4
{[%clk 0:10:23]} 43. axb4 {[%clk 0:01:03]} Kf8 {[%clk 0:10:52]} 44. f6
{[%clk 0:00:36]} Ke8 {[%clk 0:11:22]} 45. Kf2 {[%clk 0:00:48]} Kd7
{[%clk 0:11:31]} 46. Ke3 {[%clk 0:01:14]} Rc7 {[%clk 0:10:53]} 47. Kd2
{[%clk 0:01:19]} Kc8 {[%clk 0:10:58]} 48. Ra3 {[%clk 0:01:28]} Kb7
{[%clk 0:06:07]} 49. Kc3 {[%clk 0:01:49]} Rc8 {[%clk 0:05:03]} 50. Ra4
{[%clk 0:02:08]} Kb6 {[%clk 0:03:56]} 51. Ra5 {[%clk 0:01:30]} Kb7
{[%clk 0:04:13]} 52. Ra3 {[%clk 0:00:43]} Kb6 {[%clk 0:04:32]} 53. Ra1
{[%clk 0:00:55]} Kb7 {[%clk 0:04:40]} 54. b5 {[%clk 0:00:36]} Kb6
{[%clk 0:03:23]} 55. Ra6+ {[%clk 0:00:43]} Kxb5 {[%clk 0:03:06]} 56. Ra7
{[%clk 0:00:47]} Rf8 {[%clk 0:02:25]} 57. Rb7+ {[%clk 0:01:05]} Kc5
{[%clk 0:02:29]} 58. Rc7+ {[%clk 0:01:23]} Kb5 {[%clk 0:02:41]} 59. Rxc4
{[%clk 0:01:19]} Kb6 {[%clk 0:02:20]} 60. Rc6+ {[%clk 0:01:43]} Kb7
{[%clk 0:02:47]} 61. Rxd6 {[%clk 0:02:02]} Kc7 {[%clk 0:03:12]} 62. Rc6+
{[%clk 0:02:20]} Kd7 {[%clk 0:03:41]} 63. Ra6 {[%clk 0:01:59]} Rc8+
{[%clk 0:03:39]} 64. Kd3 {[%clk 0:01:32]} Rc1 {[%clk 0:03:32]} 65. Ra7+
{[%clk 0:01:44]} Kd6 {[%clk 0:03:25]} 66. Rxf7 {[%clk 0:01:54]} Rf1
{[%clk 0:03:21]} 67. Ra7 {[%clk 0:00:37]} Rf4 {[%clk 0:03:31]} 68. Ra6+
{[%clk 0:00:36]} Kd7 {[%clk 0:04:00]} 69. Re6 {[%clk 0:00:45]} Rxg4
{[%clk 0:03:56]} 70. Rxe5 {[%clk 0:00:59]} Rf4 {[%clk 0:03:52]} 71. Re7+
{[%clk 0:01:19]} Kd6 {[%clk 0:04:01]} 72. Re6+ {[%clk 0:01:36]} Kd7
{[%clk 0:04:30]} 73. e5 {[%clk 0:01:53]} g4 {[%clk 0:04:49]} 74. Re7+
{[%clk 0:02:14]} Kd8 {[%clk 0:05:07]} 75. Rg7 {[%clk 0:02:25]} 1-0